000 00948nam a2200253 4500
001 178843
003 ES-MaACL
005 20251121134448.0
008 110715s2009 sp |||| | spa d
020 _a978-84-613-4908-1
080 _a821.134.2-31"19"
100 1 _aEscalera Cordero, Matías.
_9139828
245 1 3 _aUn mar invisible /
_cMatías Escalera Cordero ; prólogo, César de Vicente Hernando.
260 _aHuelva :
_bIslaVaria,
_c2009.
300 _a393 p. ;
_c24 cm.
490 1 _aIslavaria narrativa
500 _aEjemplar dedicado y firmado por el autor
700 1 _aVicente Hernando, César de.
_9114361
830 0 _aIslavaria narrativa
_9224350
852 _aES-MaACL
_9185708
_bR.145988
_jA-11351
_cDEPO1
_dOlim: N-4355
_hDonación: Matías Escalera Cordero
_xEncuadernación rústica
_zDedicatoria autógrafa del autor
942 _2udc
_cMONOGRAFIA
_n0
999 _c178843
_d178843